[Event "NOR-chT Elite 1920"]
[Site "Norway"]
[Date "2020.01.18"]
[Round "5.3"]
[White "Storme, Isak"]
[Black "Grebstad, Kjell Borre"]
[Result "1-0"]
[WhiteElo "2284"]
[BlackElo "2065"]
[PlyCount "83"]
[EventDate "2019.11.01"]
[EventType "team-tourn"]
[EventRounds "9"]
[EventCountry "NOR"]
[SourceTitle "CBM 195 Extra"]
[Source "ChessBase"]
[SourceDate "2020.05.31"]
[SourceVersion "1"]
[SourceVersionDate "2020.05.31"]
[SourceQuality "1"]
[WhiteTeam "Oslo SK 1911"]
[BlackTeam "SOSS"]
[WhiteTeamCountry "NOR"]
[BlackTeamCountry "NOR"]

1. d4 Nf6 2. c4 e6 3. g3 Bb4+ 4. Bd2 Be7 5. Bg2 d5 6. Nf3 0-0 7. 0-0 Ne4 8. Bf4 g5 9. Be3 f5 10. Qc1 Nd7 11. Nc3 g4 12. Ne1 c6 13. Nxe4 fxe4 14. Bh6 Rf5 15. f3 Nf6 16. fxe4 Nxe4 17. Rf4 Bf6 18. Rxg4+ Kh8 19. Nf3 Rxf3 20. Bxf3 e5 21. Rxe4 dxe4 22. Bxe4 Qxd4+ 23. Qe3 Be6 24. Rf1 Bg7 25. Bxg7+ Kxg7 26. Qxd4 exd4 27. Bd3 c5 28. a3 Rb8 29. Rf4 h6 30. Kf2 Rd8 31. Kf3 a5 32. g4 Rd6 33. h4 Rb6 34. Re4 Kf6 35. Kf4 Bf7 36. g5+ hxg5+ 37. hxg5+ Kg7 38. Re7 Kf8 39. Rc7 Rxb2 40. g6 Bxg6 41. Bxg6 Rxe2 42. Rxc5 1-0

[Event "Oslo Stjernens op"]
[Site "Oslo"]
[Date "2016.06.05"]
[Round "6"]
[White "Grebstad, Kjell Borre"]
[Black "Nordquelle, Daniel"]
[Result "0-1"]
[WhiteElo "2039"]
[BlackElo "1909"]
[PlyCount "70"]
[EventDate "2016.06.05"]
[EventType "swiss"]
[EventRounds "6"]
[EventCountry "NOR"]
[SourceTitle "CBM 173 Extra"]
[Source "ChessBase"]
[SourceDate "2016.08.29"]
[SourceVersion "1"]
[SourceVersionDate "2016.08.29"]
[SourceQuality "1"]

1. d4 Nf6 2. c4 c5 3. d5 e6 4. Nc3 exd5 5. cxd5 d6 6. e4 g6 7. Nf3 Bg7 8. Nd2 a6 9. a4 Nbd7 10. Be2 0-0 11. 0-0 Rb8 12. f4 Re8 13. Qc2 Nh5 14. g3 Ndf6 15. Nf3 Bg4 16. e5 dxe5 17. fxe5 Nxd5 18. Bc4 Nxc3 19. bxc3 b5 20. axb5 axb5 21. Bxf7+ Kxf7 22. Ra7+ Kg8 23. Ng5 Re7 24. Rf7 Rxa7 25. Rxa7 Qd1+ 26. Qxd1 Bxd1 27. Kf2 Bxe5 28. Nxh7 Bxc3 29. g4 Nf6 30. Bf4 Re8 31. Nxf6+ Bxf6 32. g5 Bd4+ 33. Kg3 Be5 34. Bxe5 Rxe5 35. h4 c4 0-1

[Event "Skopje Karposh op"]
[Site "Skopje"]
[Date "2015.04.01"]
[Round "7"]
[White "Grebstad, Kjell Borre"]
[Black "Sevgi, Volkan"]
[Result "0-1"]
[WhiteElo "2009"]
[BlackElo "2122"]
[PlyCount "55"]
[EventDate "2015.03.27"]
[EventType "swiss"]
[EventRounds "9"]
[EventCountry "MKD"]
[SourceTitle "CBM 165 Extra"]
[Source "ChessBase"]
[SourceDate "2015.04.21"]
[SourceVersion "1"]
[SourceVersionDate "2015.04.21"]
[SourceQuality "1"]

1. d4 f5 2. c4 Nf6 3. Nf3 e6 4. g3 d5 5. Bg2 c6 6. 0-0 Bd6 7. b3 Qe7 8. Qc2 0-0 9. Nc3 Ne4 10. Bb2 Nd7 11. e3 b6 12. Nxe4 fxe4 13. Ne5 Bxe5 14. dxe5 Bb7 15. h4 g5 16. hxg5 Qxg5 17. cxd5 cxd5 18. Bh3 Qh6 19. Kg2 Rac8 20. Qe2 Rf3 21. Rac1 Nc5 22. b4 Nd3 23. Rxc8+ Bxc8 24. Bg4 Rf7 25. Qc2 Rxf2+ 26. Rxf2 Ne1+ 27. Kf1 Nxc2 28. Bh3 0-1

[Event "Skopje Karposh op"]
[Site "Skopje"]
[Date "2015.03.30"]
[Round "5"]
[White "Lopez, Jasel"]
[Black "Grebstad, Kjell Borre"]
[Result "1/2-1/2"]
[WhiteElo "2211"]
[BlackElo "2009"]
[PlyCount "81"]
[EventDate "2015.03.27"]
[EventType "swiss"]
[EventRounds "9"]
[EventCountry "MKD"]
[SourceTitle "CBM 165 Extra"]
[Source "ChessBase"]
[SourceDate "2015.04.21"]
[SourceVersion "1"]
[SourceVersionDate "2015.04.21"]
[SourceQuality "1"]

1. d4 Nf6 2. c4 e6 3. Nc3 Bb4 4. f3 0-0 5. e4 d5 6. e5 Nfd7 7. cxd5 exd5 8. f4 c5 9. Nf3 cxd4 10. Nxd4 Nc5 11. Be2 Ne4 12. 0-0 Bxc3 13. bxc3 Nxc3 14. Qe1 Nxe2+ 15. Qxe2 Nc6 16. Be3 Nxd4 17. Bxd4 Bf5 18. g4 Be4 19. Qf2 Rc8 20. Rac1 b6 21. h3 Qd7 22. f5 Rxc1 23. Rxc1 Rc8 24. Qf4 h6 25. Rxc8+ Qxc8 26. e6 fxe6 27. fxe6 Qxe6 28. Qb8+ Kh7 29. Qxa7 Qg6 30. Qxb6 Qf7 31. Qa7 Qg6 32. Qe7 Kg8 33. a4 Qf7 34. Qxf7+ Kxf7 35. Kf2 Bd3 36. Ke3 Bc4 37. Kf4 g6 38. Ke5 Ke7 39. a5 h5 40. Bc5+ Kd7 41. gxh5 1/2-1/2

[Event "Skopje Karposh op"]
[Site "Skopje"]
[Date "2015.03.29"]
[Round "4"]
[White "Grebstad, Kjell Borre"]
[Black "Zupe, Miran"]
[Result "1/2-1/2"]
[WhiteElo "2009"]
[BlackElo "2277"]
[PlyCount "89"]
[EventDate "2015.03.27"]
[EventType "swiss"]
[EventRounds "9"]
[EventCountry "MKD"]
[SourceTitle "CBM 165 Extra"]
[Source "ChessBase"]
[SourceDate "2015.04.21"]
[SourceVersion "1"]
[SourceVersionDate "2015.04.21"]
[SourceQuality "1"]

1. d4 Nf6 2. c4 c5 3. Nf3 g6 4. Nc3 cxd4 5. Nxd4 Bg7 6. e4 d6 7. Be2 0-0 8. 0-0 Nc6 9. Be3 Bd7 10. f3 Nxd4 11. Bxd4 Bc6 12. Qd2 Nd7 13. b4 Bxd4+ 14. Qxd4 Qb6 15. Qxb6 Nxb6 16. a4 a5 17. b5 Bd7 18. Nd5 Nxd5 19. cxd5 Rfc8 20. Rfc1 b6 21. Kf2 Kf8 22. f4 Rxc1 23. Rxc1 Rc8 24. Rxc8+ Bxc8 25. Bc4 h6 26. Kf3 Kg7 27. h4 h5 28. Ke3 Bg4 29. Be2 Bd7 30. Kd4 f6 31. g3 Bh3 32. Bd1 Kh6 33. Be2 Bg2 34. Bd1 Bh3 35. Bb3 Bg4 36. Ke3 Kg7 37. Kd4 Kf7 38. Ke3 Bc8 39. Kd4 Bh3 40. Ke3 Bg4 41. Kd4 Bc8 42. Bc4 Bg4 43. Bb3 Bc8 44. Kc4 Bg4 45. Kd4 1/2-1/2

[Event "Skopje Karposh op"]
[Site "Skopje"]
[Date "2015.03.28"]
[Round "2"]
[White "Grebstad, Kjell Borre"]
[Black "Marjanovic, Dejan"]
[Result "1/2-1/2"]
[WhiteElo "2009"]
[BlackElo "2346"]
[PlyCount "37"]
[EventDate "2015.03.27"]
[EventType "swiss"]
[EventRounds "9"]
[EventCountry "MKD"]
[SourceTitle "CBM 165 Extra"]
[Source "ChessBase"]
[SourceDate "2015.04.21"]
[SourceVersion "1"]
[SourceVersionDate "2015.04.21"]
[SourceQuality "1"]

1. d4 g6 2. c4 Bg7 3. Nf3 d6 4. g3 f5 5. Bg2 Nf6 6. Nc3 0-0 7. 0-0 e6 8. Re1 Ne4 9. Qd3 Nxc3 10. Qxc3 Nc6 11. e4 e5 12. dxe5 fxe4 13. Rxe4 Bf5 14. Rh4 dxe5 15. Bh6 Bf6 16. Qe3 Bxh4 17. Bxf8 Bf6 18. Bh6 e4 19. Ng5 1/2-1/2

[Event "Politiken Cup 36th"]
[Site "Helsingor"]
[Date "2014.07.27"]
[Round "8"]
[White "Kistrup, Nicolai"]
[Black "Grebstad, Kjell Borre"]
[Result "0-1"]
[WhiteElo "1786"]
[BlackElo "1994"]
[PlyCount "66"]
[EventDate "2014.07.21"]
[EventType "swiss"]
[EventRounds "10"]
[EventCountry "DEN"]
[SourceTitle "CBM 161 Extra"]
[Source "ChessBase"]
[SourceDate "2014.08.29"]
[SourceVersion "1"]
[SourceVersionDate "2014.08.29"]
[SourceQuality "1"]

1. d4 Nf6 2. Nf3 e6 3. c4 b6 4. Bg5 Bb7 5. e3 Bb4+ 6. Nc3 0-0 7. Be2 h6 8. Bh4 Bxc3+ 9. bxc3 d6 10. 0-0 g5 11. Bg3 Ne4 12. Qc2 f5 13. Nd2 Qf6 14. f3 Nxg3 15. hxg3 Nd7 16. f4 g4 17. e4 c5 18. d5 h5 19. Bd3 h4 20. gxh4 Qxh4 21. exf5 exd5 22. cxd5 g3 23. Nf3 Qxf4 24. Rae1 Rae8 25. Re6 Rxe6 26. fxe6 Qe3+ 27. Kh1 Rf6 28. Nh4 Rh6 29. Bh7+ Kh8 30. Qa4 Qg5 31. exd7 Rxh4+ 32. Qxh4 Qxh4+ 33. Kg1 Qh2# 0-1

[Event "Politiken Cup 36th"]
[Site "Helsingor"]
[Date "2014.07.24"]
[Round "5"]
[White "Grebstad, Kjell Borre"]
[Black "Gajic, Mladen"]
[Result "0-1"]
[WhiteElo "1994"]
[BlackElo "2201"]
[PlyCount "80"]
[EventDate "2014.07.21"]
[EventType "swiss"]
[EventRounds "10"]
[EventCountry "DEN"]
[SourceTitle "CBM 161 Extra"]
[Source "ChessBase"]
[SourceDate "2014.08.29"]
[SourceVersion "1"]
[SourceVersionDate "2014.08.29"]
[SourceQuality "1"]

1. d4 Nf6 2. c4 c5 3. d5 e6 4. Nf3 b5 5. dxe6 fxe6 6. cxb5 d5 7. e3 Bd6 8. Nc3 Nbd7 9. g3 0-0 10. Bg2 Bb7 11. 0-0 Re8 12. a4 a6 13. Re1 axb5 14. Nxb5 Bf8 15. b3 e5 16. Bb2 e4 17. Ng5 Qb6 18. Bh3 Ne5 19. Bxe5 Rxe5 20. Be6+ Rxe6 21. Nxe6 Qxe6 22. Nc7 Qh3 23. Ra2 Rc8 24. Nb5 Ng4 25. f4 d4 26. a5 Rd8 27. Qd2 Ba6 28. Nc7 Rd6 29. exd4 e3 30. Qc2 e2 31. Rxe2 Bxe2 32. Qxe2 cxd4 33. Qc4+ Kh8 34. Qf7 Rf6 35. Qd7 d3 36. Qc8 Qh5 37. b4 Ne3 38. Qa8 Qd1+ 39. Kf2 d2 40. Rxd2 Qxd2+ 0-1

[Event "Barcelona Sant Marti op-A 15th"]
[Site "Barcelona"]
[Date "2013.07.18"]
[Round "6"]
[White "Blandon Villa, Diego F"]
[Black "Grebstad, Kjell Borre"]
[Result "1/2-1/2"]
[WhiteElo "2196"]
[BlackElo "2005"]
[PlyCount "68"]
[EventDate "2013.07.13"]
[EventType "swiss"]
[EventRounds "9"]
[EventCountry "ESP"]
[SourceTitle "CBM 155 Extra"]
[Source "ChessBase"]
[SourceDate "2013.08.26"]
[SourceVersion "1"]
[SourceVersionDate "2013.08.26"]
[SourceQuality "1"]

1. c4 e5 2. Nc3 Bb4 3. g3 Bxc3 4. dxc3 d6 5. Bg2 Nc6 6. Nf3 Nge7 7. 0-0 Be6 8. Qa4 0-0 9. Rd1 Qc8 10. Ne1 f5 11. Nd3 h6 12. Nb4 Nxb4 13. Qxb4 e4 14. Qa4 Ng6 15. f3 Ne5 16. fxe4 Bxc4 17. Qc2 fxe4 18. Qxe4 Ba6 19. Bf4 Re8 20. Qd5+ Kh8 21. Re1 Rb8 22. Qd2 Qe6 23. Rad1 Nc4 24. Qc1 Ne3 25. Bxe3 Qxe3+ 26. Qxe3 Rxe3 27. Kf2 Rbe8 28. Bf3 b6 29. Rd4 Bc8 30. Bc6 R8e7 31. Rf4 Kh7 32. Rf3 R3e5 33. Rf8 Bg4 34. Bf3 Bxf3 1/2-1/2

[Event "Oslo Nordstrand GP A"]
[Site "Oslo"]
[Date "2012.04.20"]
[Round "1"]
[White "Grebstad, Kjell Borre"]
[Black "Djurhuus, Rune"]
[Result "0-1"]
[WhiteElo "1919"]
[BlackElo "2421"]
[PlyCount "38"]
[EventDate "2012.04.20"]
[EventType "swiss"]
[EventRounds "5"]
[EventCountry "NOR"]
[SourceTitle "EXT 2023"]
[Source "ChessBase"]
[SourceDate "2022.10.05"]
[SourceVersion "1"]
[SourceVersionDate "2022.10.05"]
[SourceQuality "1"]

1. d4 Nf6 2. c4 e6 3. Nc3 Bb4 4. f3 0-0 5. e4 d6 6. Nge2 c5 7. Be3 cxd4 8. Nxd4 Nc6 9. Qb3 Qa5 10. Rc1 Bd7 11. Nxc6 Bxc6 12. a3 Bc5 13. Bxc5 Qxc5 14. Nd1 d5 15. exd5 exd5 16. Bd3 Rfe8+ 17. Kd2 dxc4 18. Bxc4 Rad8+ 19. Bd3 Qg5+ 0-1

[Event "Dublin Easter e2e4 op"]
[Site "Dublin"]
[Date "2012.04.06"]
[Round "2"]
[White "Grebstad, Kjell Borre"]
[Black "Williams, Simon Kim"]
[Result "0-1"]
[WhiteElo "1987"]
[BlackElo "2506"]
[PlyCount "76"]
[EventDate "2012.04.05"]
[EventType "swiss"]
[EventRounds "9"]
[EventCountry "IRL"]
[SourceTitle "CBM 147 Extra"]
[Source "ChessBase"]
[SourceDate "2012.04.24"]
[SourceVersion "1"]
[SourceVersionDate "2012.04.24"]
[SourceQuality "1"]

1. d4 e6 2. e4 d5 3. e5 c5 4. c3 Nc6 5. Nf3 Bd7 6. a3 f6 7. exf6 Nxf6 8. Bd3 c4 9. Bc2 Bd6 10. 0-0 Qc7 11. Bg5 0-0-0 12. Nbd2 Rdf8 13. Re1 Ng4 14. Nf1 e5 15. dxe5 Ncxe5 16. Nxe5 Bxe5 17. Rxe5 Qxe5 18. Bh4 Qd6 19. Bg3 Qc5 20. Qd2 h5 21. h4 g5 22. Re1 gxh4 23. Bxh4 Rf7 24. Ne3 Rhf8 25. Nxg4 hxg4 26. Re5 Bc6 27. Qe2 Kb8 28. Bg6 Rg7 29. Re6 d4 30. Bg3+ Ka8 31. Re5 d3 32. Qxg4 Qd6 33. Re8+ Rxe8 34. Bxd6 Rxg6 35. Qxg6 d2 36. Qh5 Re1+ 37. Kh2 d1Q 38. Qxd1 Rxd1 0-1

[Event "Madrid Oliver Gonzalez Memorial 2nd"]
[Site "Madrid"]
[Date "2011.10.11"]
[Round "4"]
[White "Grebstad, Kjell Borre"]
[Black "Hernando Rodrigo, Jose Maria"]
[Result "0-1"]
[WhiteElo "1986"]
[BlackElo "2328"]
[PlyCount "64"]
[EventDate "2011.10.08"]
[EventType "swiss"]
[EventRounds "9"]
[EventCountry "ESP"]
[SourceTitle "CBM 144 Extra"]
[Source "ChessBase"]
[SourceDate "2011.10.28"]
[SourceVersion "1"]
[SourceVersionDate "2011.10.28"]
[SourceQuality "1"]

1. d4 g6 2. c4 f5 3. Nf3 Nf6 4. Nc3 Bg7 5. g3 0-0 6. Bg2 d6 7. 0-0 Qe8 8. d5 Na6 9. Be3 Nc5 10. Nb5 Na6 11. Nfd4 Bd7 12. Qd2 Ne4 13. Qc2 c6 14. dxc6 bxc6 15. Bxe4 fxe4 16. Nc3 e5 17. Nb3 Nb4 18. Qd2 Bf5 19. Nxe4 Bxe4 20. Qxb4 Qe6 21. Rad1 c5 22. Qc3 Rab8 23. Nd2 Bc6 24. b3 Rf5 25. Qc2 e4 26. h4 Rh5 27. Kg2 Rf8 28. Rh1 Bd4 29. Nf1 Rhf5 30. Rxd4 cxd4 31. Bxd4 Rxf2+ 32. Bxf2 e3+ 0-1

[Event "Pula op 25th"]
[Site "Pula"]
[Date "2011.06.18"]
[Round "1"]
[White "Grebstad, Kjell Borre"]
[Black "Biti, Ozren"]
[Result "0-1"]
[WhiteElo "1968"]
[BlackElo "2378"]
[PlyCount "62"]
[EventDate "2011.06.18"]
[EventType "swiss"]
[EventRounds "9"]
[EventCountry "CRO"]
[SourceTitle "CBM 143 Extra"]
[Source "ChessBase"]
[SourceDate "2011.08.29"]
[SourceVersion "1"]
[SourceVersionDate "2011.08.29"]
[SourceQuality "1"]

1. d4 d6 2. e4 Nf6 3. Nc3 e5 4. Nf3 Nbd7 5. Bc4 Be7 6. 0-0 0-0 7. Bg5 h6 8. Be3 Ng4 9. Qe2 c6 10. a4 a5 11. h3 Nxe3 12. fxe3 Bf6 13. Rad1 Qe7 14. Qf2 Nb6 15. Bb3 Be6 16. Bxe6 fxe6 17. b3 Rac8 18. Qg3 exd4 19. exd4 e5 20. d5 c5 21. Nb5 c4 22. Qe1 Nd7 23. Qxa5 Nc5 24. Nd2 cxb3 25. cxb3 Bg5 26. Rxf8+ Rxf8 27. Qc7 Be3+ 28. Kh1 Qg5 29. Nf3 Qg3 30. Nxd6 Rxf3 31. gxf3 Qxh3# 0-1